Normal view MARC view

Entry Topical Term

Number of records used in: 1

001 - CONTROL NUMBER

  • control field: 267899

003 - CONTROL NUMBER IDENTIFIER

  • control field: MY-SjTCS

005 - DATE AND TIME OF LATEST TRANSACTION

  • control field: 20200306165522.0

008 - FIXED-LENGTH DATA ELEMENTS

  • fixed length control field: 200306|| aca||aabn | a|a d

040 ## - CATALOGING SOURCE

  • Original cataloging agency: MY-SjTCS
  • Transcribing agency: MY-SjTCS

150 ## - HEADING--TOPICAL TERM

  • Topical term or geographic name entry element: Learned institutions and societies

670 ## - SOURCE DATA FOUND

  • Source citation: Work cat.: (MY-SjTCS)55648: International Human Rights Network of Academies and Scholarly Societies. Biennial Meeting (5th : 2001 : Paris, France) 267897, International Human Rights Network of Academies and Scholarly Societies, c2003.